000 00525nam a2200205Ia 4500
001 14942
003 GE_BSU
008 181216s||||||||xx |||||||||||||| ||und||
040 _cGE_BSU
080 _a512.643(075.8)
100 _aБоревич,З.И.
245 _aОпределители и матрицы
245 _cРед.А.П.Лапко
260 _aМосква
260 _bНаука
260 _c1988
300 _a183стр.20см.
653 _aОпределители и матрицы
942 _cBK
999 _c48062
_d48062